PMP exam prep : (Record no. 355768)

000 -LEADER
fixed length control field 01269cam a22003015a 4500
001 - CONTROL NUMBER
control field 18203579
003 - CONTROL NUMBER IDENTIFIER
control field USPCAS-E
005 - DATE AND TIME OF LATEST TRANSACTION
control field 20180118181413.0
008 - FIXED-LENGTH DATA ELEMENTS--GENERAL INFORMATION
fixed length control field 140627s2013 xxua b 001 0 eng
010 ## - LIBRARY OF CONGRESS CONTROL NUMBER
LC control number 2013909006
020 ## - INTERNATIONAL STANDARD BOOK NUMBER
International Standard Book Number 9781932735659 (pbk.)
040 ## - CATALOGING SOURCE
Original cataloging agency DLC
Transcribing agency DLC
082 ## - DEWEY DECIMAL CLASSIFICATION NUMBER
Edition number 23
Classification number 658.404076
Author Mark MUL-P 2013
100 1# - MAIN ENTRY--PERSONAL NAME
Personal name Mulcahy, Rita.
245 10 - TITLE STATEMENT
Title PMP exam prep :
Remainder of title accelerated learning to pass PMI's PMP exam /
Statement of responsibility, etc. by Rita Mulcahy, PMP, et al.
250 ## - EDITION STATEMENT
Edition statement Eighth edition.
260 ## - PUBLICATION, DISTRIBUTION, ETC.
Place of publication, distribution, etc. [S.l.] :
Name of publisher, distributor, etc. RMC Publications, Inc.,
Date of publication, distribution, etc. c2013
300 ## - PHYSICAL DESCRIPTION
Extent xii, 611 pages :
Other physical details illustrations ;
Dimensions 28 cm +
Accompanying material 1 CD-ROM (4 3/4 in.)
500 ## - GENERAL NOTE
General note "Aligned with the PMBOK® guide, fifth edition" -- Cover.
500 ## - GENERAL NOTE
General note CD-ROM titled: PM fast track® : PMP® exam simulation software Version 8. Demo.
502 ## - DISSERTATION NOTE
Dissertation note 0
504 ## - BIBLIOGRAPHY, ETC. NOTE
Bibliography, etc. note Includes bibliographical references and index.
650 #0 - SUBJECT ADDED ENTRY--TOPICAL TERM
Topical term or geographic name entry element Project management
Form subdivision Examinations, questions, etc.
650 #0 - SUBJECT ADDED ENTRY--TOPICAL TERM
Topical term or geographic name entry element Project management
General subdivision Examination
Form subdivision Study guides.
906 ## - LOCAL DATA ELEMENT F, LDF (RLIN)
a 0
b ibc
c origcop
d 2
e ncip
f 20
g y-gencatlg
942 ## - ADDED ENTRY ELEMENTS (KOHA)
Source of classification or shelving scheme
Koha item type Book
Holdings
Withdrawn status Lost status Source of classification or shelving scheme Damaged status Not for loan Collection code Permanent Location Current Location Shelving location Date acquired Source of acquisition Cost, normal purchase price Total Checkouts Full call number Barcode Date last seen Date last checked out Price effective from Koha item type Copy number
            US-Pakistan Center for Advanced Studies in Energy (USPCAS-E) US-Pakistan Center for Advanced Studies in Energy (USPCAS-E)   12/15/2015 Progressive 10764.00 1 658.404076 MUL-P 2013 CAS-E0000913 12/12/2024 11/28/2024 12/15/2015 Book  
            US-Pakistan Center for Advanced Studies in Energy (USPCAS-E) US-Pakistan Center for Advanced Studies in Energy (USPCAS-E)   12/15/2015 Progressive 10764.00   658.404076 MUL-P 2013 CAS-E0000914 12/15/2015   12/15/2015 Book 2
© 2023 Central Library, National University of Sciences and Technology. All Rights Reserved.